Co to za Flaga #5 - Statystyki

Ogólne statystyki
  • Ten quiz został rozwiązany 25 razy
  • Średni wynik to 15 z 20
Statystyki odpowiedzi
Obrazkowy Odpowiedź % Poprawnych
San Marino
100%
Słowacja
100%
Słowenia
100%
Rumunia
91%
Urugwaj
91%
Gruzja
86%
Łotwa
86%
Panama
82%
Somalia
82%
Czad
77%
Kuba
77%
Seszele
73%
Singapur
73%
Mongolia
68%
ZEA
68%
Belize
64%
Etiopia
64%
Laos
64%
Bahamy
45%
Fidżi
45%
Nie znaleziono quizów pasujących do podanych kryteriów
Rozkład punktacji
Procent ludzi z każdym wynikiem
Percentyl według liczby udzielonych odpowiedzi
Twoja historia wyników
Nie rozwiązałeś tego quizu